000 01274nam a22003737a 4500
003 CHAP
005 20220329143853.0
008 120310s2010 it rn 00010 d
010 _a103030
011 _a104002
020 _a9789250066110
035 _a114691
040 _cCHAP
082 0 4 _a639.2
_bF46t v.939
110 2 _aFAO. Comité de Pesca
_939491
245 1 0 _aInforme de la reunión del subcomité de comercio pesquero (12o)
_c/por FAO
260 _aRoma :
_bFAO,
_c2010
300 _ax, 68 p.
490 0 _aFAO. Informe de pesca y acuicultura
_v; 939
500 _aBuenos Aires, Argentina, 26-30 abril de 2010
500 _aEdición trilingüe (inglés, francés, español)
590 _aBATCH-UPD
_b10
_c20130110
_lUCH01
_h1154
590 _aBATCH-UPD
_b10
_c20130410
_lUCH01
_h0654
590 _aCONVERSION
_b10
_c20130109
_lUCH01
_h1357
650 1 4 _aComercio internacional.
_925641
650 1 4 _aPesca sostenible.
_987440
650 1 4 _aPescado
_xMercadeo.
_987450
650 1 4 _aProductos pesqueros.
_992201
650 1 4 _aSeguridad alimentaria.
_9103673
830 1 0 _aFAO. Informe de pesca y acuicultura
_v; 939
_939588
901 _aBK
942 _cLIBRO
949 _a639.2 F46t v.939
_bBC
_cFAO
_d33724002232850
_eFAO1
_gDonaciØn
_h116418
_i114691
_sb
999 _c103030
_d103030